000 00251nam a2200097Ia 4500
001 969415
005 20250826220402.0
008 250824s9999 xx 000 0 und d
245 0 _aCEMİL MERİÇ KONUŞUYOR
_cMUSTAFA ARMAĞAN
260 _bKETEBE YAYINLARI
999 _c969415
_d969415